000
00332nam a2200145Ia 4500
008
230312s9999||||xx |||||||||||||| ||und||
020
_a
988-19-738-7-0
082
_a
729.28
_b
DAR-I
100
_a
Darren;Du
245
0
_a
Interior Lighting
260
_b
Media
_a
China
_c
2010
300
_a
239
650
_a
Architecture
942
_c
BK
999
_c
12018
_d
12018